المانيا / (Record no. 60469)
[ view plain ]
| 000 -الفاتح | |
|---|---|
| حقل البيانات ثابتة الطول | 01211nam a22003017a 4500 |
| 005 - وقت وتاريخ اخر تعامل مع التسجيلة | |
| رقم الضبط | 20240530110412.0 |
| 008 - عناصر البيانات ثابتة الطول - معلومات عامة | |
| حقل البيانات ثابتة الطول | 150217s2009 ua ob a 00| 0 ara d |
| 017 ## - رقم الايداع القانونى | |
| رقم الايداع القانونى | 9021/2009 |
| المصدر ( الهيئة المختصة) | مصر . دار الكتب المصرية |
| 020 ## - الرقم الدولى المعيارى للكتب | |
| الرقم الدولى المعيارى للكتاب | 9771414208 |
| 040 ## - مصدر الفهرسة | |
| وكالة الفهرسة الأصلية | EG-CaGPL |
| 041 0# - رمز اللغة | |
| رمز لغة النص/ المسارات الصوتية أو العنوان الانفرادي | ara |
| 082 04 - رقم تصنيف ديوى العشرى | |
| رقم الطبعة | 21 |
| رقم التصنيف | 910.4 |
| رقم المادة | ط/ن ن |
| 100 1# - المدخل الرئيسى - إسم شخصى | |
| الإسم الشخصى | راسل ، هنرى |
| الشكل الأكمل للاسم | هنرى راسل |
| 245 10 - بيان العنوان | |
| العنوان | المانيا / |
| بيان المسئوليه,etc | تاليف هنرى راسل ؛ ترجمة طارق جلال محمد ؛ اشراف داليا محمد ابراهيم |
| 250 ## - بيان الطبعة | |
| بيان الطبعة | ط1 |
| 260 ## - PUBLICATION, DISTRIBUTION, ETC. (IMPRINT) | |
| تاريخ النشر أو التوزيع | 2009 |
| 300 ## - الوصف المادى | |
| التعداد | 64 ص : |
| تفاصيل ماديه اخرى للوعاء | ايض ؛ |
| أبعاد الوعاء | 28 سم |
| 490 0# - بيان السلسلة | |
| عنوان السلسلة | ناشيونال جيوجرافيك : دول العالم |
| 650 04 - المدخل الاضافى بالموضوع-مصطلح موضوعى | |
| مصطلح موضوعي | السياحة |
| 651 04 - المدخل الاضافى بالموضوع - اسم جغرافى | |
| الاسم الجغرافي | المانيا |
| التقسيم الفرعي العام | وصف ورحلات |
| 651 04 - المدخل الاضافى بالموضوع - اسم جغرافى | |
| الاسم الجغرافي | المانيا |
| التقسيم الفرعي العام | تاريخ |
| 651 04 - المدخل الاضافى بالموضوع - اسم جغرافى | |
| الاسم الجغرافي | المانيا |
| التقسيم الفرعي العام | الوصف الجغرافى |
| 651 04 - المدخل الاضافى بالموضوع - اسم جغرافى | |
| الاسم الجغرافي | المانيا |
| التقسيم الفرعي العام | العادات والتقاليد |
| 700 1# - المدخل الاضافى - اسم شخصى | |
| الإسم الشخصى | طارق جلال محمد |
| الدور | مترجم |
| 700 1# - المدخل الاضافى - اسم شخصى | |
| الإسم الشخصى | داليا محمد ابراهيم |
| الدور | مشرف |
| 942 ## - عناصر المدخل الإضافي( كوها) | |
| مصدر التصنيف او مخطط الترفيف | Dewey Decimal Classification |
| Koha [default] item type | كتاب |
| 260 ## - PUBLICATION, DISTRIBUTION, ETC. (IMPRINT) | |
| -- | القاهرة : |
| -- | نهضة مصر للطباعة والنشر والتوزيع ، |
| حالة التراجع | حالة الفقد | حالة تلف | ليس للاعارة | المكان المؤقت | الموقع الحالى | تاريخ الاكتساب | اجمالي اﻻعارات | رقم الطلب | الباركود | تاريخ اخر مشاهدة | تاريخ تفعيل السعر | نوع وعاء كوها |
|---|---|---|---|---|---|---|---|---|---|---|---|---|
| مكتبة القاهرة الكبرى | مكتبة القاهرة الكبرى | 02/17/2015 | 910.4 ط/ن ن | 159525 | 02/17/2015 | 02/17/2015 | كتاب |

